| 000 | 01701nam a2200361 a 4500 | ||
|---|---|---|---|
| 001 | ebr10674959 | ||
| 003 | CaPaEBR | ||
| 006 | m u | ||
| 007 | cr cn||||||||| | ||
| 008 | 091118s2010 nyua sbf 001 0 eng d | ||
| 010 | _z 2009048912 | ||
| 020 | _z9781608768288 (pbk.) | ||
| 020 | _z1608768287 (pbk.) | ||
| 020 | _z9781617280733 (e-book) | ||
| 040 |
_aCaPaEBR _cCaPaEBR |
||
| 035 | _a(OCoLC)695993891 | ||
| 050 | 1 | 4 |
_aRC903 _b.T48 2010eb |
| 082 | 0 | 4 |
_a616.6/1 _222 |
| 100 | 1 | _aThorp, Micah L. | |
| 245 | 1 | 0 |
_aHandbook of common problems in clinical nephrology _h[electronic resource] / _cMicah L. Thorp. |
| 260 |
_aNew York : _bNova Science Publishers, _cc2010. |
||
| 300 |
_a162 p. : _bill. |
||
| 490 | 1 | _aNephrology research and clinical developments series | |
| 504 | _aIncludes bibliographical references and index. | ||
| 505 | 0 | _aElevated serum creatinine -- Evaluation of proteinuria -- Evaluation of hematuria -- Chronic kidney disease management -- Acute kidney injury -- Electrolyte disorders -- Acid/base disorders -- Hypertension -- Pregnancy and the kidney -- Nephrolithiasis -- Renal replacement therapies. | |
| 533 |
_aElectronic reproduction. _bPalo Alto, Calif. : _cebrary, _d2013. _nAvailable via World Wide Web. _nAccess may be limited to ebrary affiliated libraries. |
||
| 650 | 0 |
_aKidneys _xDiseases _vHandbooks, manuals, etc. |
|
| 650 | 0 |
_aNephrology _vHandbooks, manuals, etc. |
|
| 655 | 7 |
_aElectronic books. _2local |
|
| 710 | 2 | _aebrary, Inc. | |
| 830 | 0 | _aNephrology research and clinical developments series. | |
| 856 | 4 | 0 |
_uhttp://site.ebrary.com/lib/rucke/Doc?id=10674959 _zAn electronic book accessible through the World Wide Web; click to view |
| 999 |
_c163859 _d163859 |
||